Skučící temnota /

Druhý svazek cyklu Pojídač slunce, v němž se snoubí space opera a epická fantasy se stoickou filozofií a meditacemi nad povahou lidství.

Hlavní autor: Ruocchio, Christopher
Další autoři: Polívka, Zdeněk
Jazyk: Čeština
Vydáno: Brno : Host, 2025
Vydání: První vydání
Témata:
Fyzický popis: 831 stran ; 22 cm
Knihy
Uloženo v:
LEADER 02700nam a2200469 i 4500
001 nkc20253704902
003 CZ PrNK
005 20251112121449.0
007 ta
008 250918s2025 xr g 000 f cze
015 |a cnb003704902 
020 |a 978-80-275-2589-8  |q (vázáno) 
035 |a (OCoLC)1559932486 
040 |a ABG001  |b cze  |e rda 
041 1 |a cze  |h eng 
072 7 |a 821.111(73)-3  |x Americká próza  |2 Konspekt  |9 25 
080 |a 821.111(73)-31  |2 MRF 
080 |a (0:82-311.9)  |2 MRF 
100 1 |a Ruocchio, Christopher  |7 xx0269779  |4 aut 
240 1 0 |a Howling dark.  |l Česky 
245 1 0 |a Skučící temnota /  |c Christopher Ruocchio ; přeložil Zdeněk Polívka 
250 |a První vydání 
264 1 |a Brno :  |b Host,  |c 2025 
300 |a 831 stran ;  |c 22 cm 
336 |a text  |b txt  |2 rdacontent 
337 |a bez média  |b n  |2 rdamedia 
338 |a svazek  |b nc  |2 rdacarrier 
500 |a Přeloženo z angličtiny 
520 2 |a Druhý svazek cyklu Pojídač slunce, v němž se snoubí space opera a epická fantasy se stoickou filozofií a meditacemi nad povahou lidství.  |b Nejstarší sok lidského druhu čeká a stezka k němu vede jedině skrze temnotu vesmíru. Tma houstne a Hadrian Marlowe se ve druhém svazku ságy Pojídač slunce noří do čím dál hutnější směsice epické fantasy a space opery, kterou tentokrát rozleptává i notná dávka kosmického hororu. Hadrian je ztracen. Coby kapitán žoldnéřů se už půl století toulá mezi hvězdami a marně pátrá po temné planetě Vorgossos, aby navázal kontakt s hrůznou rasou Cielcin a ukončil tak téměř čtyři sta let zuřící válku. V zoufalé snaze najít odpovědi se musí pustit za bezpečné hranice Sollanského císařství do temných hlubin kosmu, brázděných tajemnými Extrasolariany, kteří se dávno zřekli imperiálního slunce a spojili svá těla se zapovězenými stroji. Pokud chce Hadrian uspět, bude muset čelit běsům přesahujícím hranice svého chápání, a nakonec dát všanc i samo svoje lidství. Nakladatelská anotace. 
655 7 |a americké romány  |7 fd131796  |2 czenas 
655 7 |a vědecko-fantastické romány  |7 fd133847  |2 czenas 
655 9 |a American fiction  |2 eczenas 
655 9 |a science fiction novels  |2 eczenas 
700 1 |a Polívka, Zdeněk  |4 trl 
787 0 8 |i Z cyklu:  |t Pojídač slunce  |g 2 
910 2 |a BOA001  |b 2-1552.343 
920 |a 5153556  |z ABG001 
990 |a BK 
995 |a 01 
991 |b 202510  |c NOV 
996 6 |b 2611016066  |c 2-1552.343  |l MZK  |r Sklad / do 1 hodiny  |n 0  |p p.v.  |w 002022340  |u 000010  |a 1  |e BOA001  |j MZK50  |s P 
996 7 |b 2611016067  |c 2-1552.343  |l MZK  |r Sklad / do 1 hodiny  |n 0  |p p.v.  |w 002022340  |u 000020  |a 1  |e BOA001  |j MZK50  |s A